[Event "7th Iberoamerican-ch 2019"]
[Site "Linares"]
[Date "2019.08.15"]
[Round "6.6"]
[White "Espinosa Aranda, Angel"]
[Black "Cori, Jorge"]
[Result "0-1"]
[WhiteElo "2497"]
[BlackElo "2686"]
[Annotator "TA"]
[PlyCount "128"]
[EventDate "2019.08.10"]
[EventType "swiss"]
[EventCountry "ESP"]
[SourceTitle "playchess.com"]
[Source "ChessBase"]
[SourceQuality "1"]

{[%evp 21,128,28,29,33,37,32,44,50,79,70,65,43,55,48,52,16,24,22,22,0,0,0,0,0,0,-26,-33,-27,0,-29,0,-60,-24,-32,-23,-35,-18,-22,-22,-22,-13,-25,-13,-23,0,0,0,0,0,-18,-18,-19,-16,-49,0,0,0,0,0,-49,-49,-49,-32,-75,-59,-89,-89,-89,-89,-93,-93,-97,-93,-200,-109,-161,-65,-77,-77,-75,-85,-122,-155,-228,-245,-480,-455,-1038,-920,-1427,-1281,-1631,-1599,-29977,-29978,-29978,-29979,-29979,-29980,-29980,-29981,-29981,-29982,-29982,-29983,-29985,-29986,-29987,0]} 1. Nf3 Nf6 2. c4 c5 3. Nc3 Nc6 4. d4 cxd4 5. Nxd4 g6 6. e4 d6 7. Be2 Bg7 8. Be3 O-O 9. O-O Bd7 10. h3 Nxd4 11. Bxd4 Bc6 12. Qc2 {B38: Sicilian: Maroczy Bind with 5...Bg7 and 7...0-0} Qa5 (12... a5 13. Rad1 Nd7 14. Bxg7 Kxg7 15. Bg4 Ne5 16. c5 Nxg4 17. hxg4 Qc8 18. cxd6 Qxg4 19. dxe7 Rfe8 {1-0 (43) Cheparinov,I (2711)-Amin,B (2709) Zagreb 2018}) 13. a3 Rfc8 14. b4 {White is slightly better.} Qd8 15. Rad1 Qf8 {[#]} 16. e5 $146 ({Predecessor:} 16. f4 b6 17. e5 Ne8 18. Bg4 Rd8 19. Qe2 e6 {½-½ (74) Mekhitarian,K (2531)-Barros Rivadeneira,C (2366) Guayaquil 2019}) 16... dxe5 17. Bxe5 b6 18. Rd4 Nh5 19. Bxg7 Nxg7 20. Rfd1 e5 $36 {[%mdl 2048] Black has some pressure.} 21. R4d2 Ne6 22. Nd5 Nd4 23. Qe4 Bxd5 $1 24. cxd5 Re8 25. Ba6 Rad8 26. Bb7 (26. f4 $11 f6 27. fxe5 fxe5 28. Rf2) 26... Nf5 27. Bc6 Nd6 28. Qh4 Qe7 29. Qxe7 Rxe7 30. b5 f5 31. a4 e4 32. a5 bxa5 33. Ra2 f4 34. Rxa5 Rf8 35. Ra3 Kg7 36. Rda1 Rff7 37. Ra6 e3 38. R6a3 exf2+ 39. Kxf2 g5 40. Re1 Rxe1 41. Kxe1 $15 {[%mdl 4096] Endgame KRB-KRN} Kf6 42. Rb3 Ke5 43. b6 axb6 44. Rxb6 Ra7 {...Ra2 is the strong threat.} 45. Rb2 Ra1+ 46. Ke2 h5 47. Bd7 (47. Bb5 $17 {is a better defense.}) 47... Ne4 (47... Nc4 $19 48. Rc2 Ne3) 48. Be8 (48. Bc6 $17) 48... Kxd5 (48... g4 $1 $19 {White must now prevent ...f3+!} 49. hxg4 hxg4) 49. Bf7+ Kd4 {Hoping for ...Ng3+.} 50. Rb4+ Ke5 51. Rb8 Ng3+ 52. Kd2 {[#]} (52. Kd3 $17) 52... Rg1 $1 $19 53. Rb5+ $2 (53. Kd3 {was necessary.}) 53... Kd4 54. Bd5 {[#]} (54. Rb4+ $142 Kc5 55. Rc4+ Kd6 56. Kd3 Rxg2 57. Rd4+ Ke5 58. Ra4) 54... g4 $1 55. hxg4 hxg4 56. Bc6 Ne4+ 57. Ke2 Rxg2+ {Black mates.} 58. Kf1 f3 59. Rb4+ {[#]} Kc5 $1 {[%mdl 64] Double Attack} 60. Rxe4 Kxc6 61. Rd4 Kc5 62. Rd8 Ra2 63. Rg8 Kd4 64. Rxg4+ Ke5 $2 {[%mdl 32768] Accuracy: White = 37%, Black = 64%. . Sensor Board Error (Ke4/e5)?} (64... Ke3 {mates} 65. Kg1 Ra1+ 66. Kh2 f2 67. Rg3+ Kf4 68. Rg8 f1=Q 69. Rf8+ Kg4 70. Rg8+ Kh5 71. Rh8+ Kg6 72. Rg8+ Kh7 73. Rg2 Qf4+ 74. Rg3 Ra3 75. Kg2 Rxg3+ 76. Kh2 Qh4#) 0-1

[Event "7th Iberoamerican-ch 2019"]
[Site "Linares"]
[Date "2019.08.15"]
[Round "6.7"]
[White "Salgado Lopez, Ivan"]
[Black "Moreno Ruiz, Javier"]
[Result "1/2-1/2"]
[WhiteElo "2596"]
[BlackElo "2473"]
[Annotator "ChessBase"]
[PlyCount "47"]
[EventDate "2019.08.10"]
[EventType "swiss"]
[EventCountry "ESP"]
[SourceTitle "playchess.com"]
[Source "ChessBase"]
[SourceQuality "1"]
[TimeControl "5400+30"]

1. d4 {[%emt 0:00:00]} Nf6 {[%emt 0:00:48]} 2. c4 {[%emt 0:00:00]} e6 {[%emt 0:00:34]} 3. Nf3 {[%emt 0:00:00]} d5 {[%emt 0:00:09]} 4. Nc3 {[%emt 0:00:00]} Bb4 {[%emt 0:00:05]} 5. Qa4+ {[%emt 0:00:02]} Nc6 {[%emt 0:00:07]} 6. e3 {[%emt 0:00:05]} O-O {[%emt 0:00:37]} 7. Qc2 {[%emt 0:00:05]} Re8 {[%emt 0:00:38]} 8. Bd2 {[%emt 0:01:13]} e5 {[%emt 0:02:39]} 9. dxe5 {[%emt 0:10:41]} Nxe5 {[%emt 0:00:06]} 10. cxd5 {[%emt 0:05:46]} Nxf3+ {[%emt 0:03:23]} 11. gxf3 {[%emt 0:00:13]} Bxc3 {[%emt 0:01:12]} 12. Bxc3 {[%emt 0:01:26]} Qxd5 {[%emt 0:00:09]} 13. Be2 {[%emt 0:19:04]} Bf5 {[%emt 0:05:02]} 14. Qa4 {[%emt 0:00:24]} Bg6 {[%emt 0:02:50]} 15. Rd1 {[%emt 0:03:59]} Qg5 {[%emt 0:07:58]} 16. Kf1 {[%emt 0:02:32]} Qf5 {[%emt 0:05:12]} 17. h4 {[%emt 0:10:42]} Bh5 {[%emt 0:03:25]} 18. Qf4 {[%emt 0:08:26]} Qxf4 {[%emt 0:01:43]} 19. exf4 {[%emt 0:00:06]} h6 {[%emt 0:14:57]} 20. Rg1 {[%emt 0:05:06]} Kf8 {[%emt 0:06:25]} 21. Bb4+ {[%emt 0:00:06]} Kg8 {[%emt 0:00:07]} 22. Bc3 {[%emt 0:00:04]} Kf8 {[%emt 0:00:05]} 23. Bb4+ {[%emt 0:10:06]} Kg8 {[%emt 0:00:07]} 24. Bc3 {[%emt 0:00:04]} 1/2-1/2

[Event "7th Iberoamerican-ch 2019"]
[Site "Linares"]
[Date "2019.08.15"]
[Round "6.8"]
[White "Vazquez Igarza, Renier"]
[Black "Del Rio De Angelis, Salvador G."]
[Result "1/2-1/2"]
[WhiteElo "2570"]
[BlackElo "2472"]
[Annotator "TA"]
[PlyCount "87"]
[EventDate "2019.08.10"]
[EventType "swiss"]
[EventCountry "ESP"]
[SourceTitle "playchess.com"]
[Source "ChessBase"]
[SourceQuality "1"]

{[%evp 9,87,27,36,23,22,12,19,22,18,26,19,0,0,0,0,0,8,0,0,0,6,9,15,16,15,11,13,17,62,8,14,2,15,0,0,0,8,18,18,9,9,0,0,0,8,8,8,8,12,0,0,0,0,0,0,0,0,0,0,0,0,0,0,0,0,0,0,0,0,0,10,0,0,0,4,4,5,5,10,8]} 1. Nf3 d5 2. d4 Bf5 3. c4 e6 4. Nc3 Nc6 5. cxd5 exd5 6. Bf4 {D06: Queen's Gambit: Symmetrical and Baltic Defences} Bd6 7. Bg3 (7. Nxd5 Be4 8. Nc3 Bxf3 9. Bxd6 Qxd6 10. gxf3 Qxd4 11. e3 Qf6 12. Nd5 Qd6 13. Qb3 {½-½ (60) Aronian,L (2795)-Li,C (2746) Moscow 2016}) 7... Nf6 8. e3 O-O 9. Bh4 Be7 10. Bxf6 Bxf6 11. Bd3 $146 ({Predecessor:} 11. Qb3 Ne7 12. Be2 b6 13. O-O c5 {½-½ (63) Cebalo,M (2547)-Bontempi,P (2375) Nova Gorica 2008}) 11... Bxd3 12. Qxd3 Nb4 {[%cal Bc6b4,Bb4a6,Ba6c7,Bc7e8,Be8d6][%mdl 32]} 13. Qd2 (13. Qd1 {is more complex.} c6 14. Qb3 Qb6 15. O-O Na6 16. Qc2) 13... c6 14. O-O Na6 15. b4 Nc7 16. Rab1 a6 17. a4 Ne8 18. b5 Nd6 19. Qd3 ({White should try} 19. bxc6 $14 bxc6 20. Qd3) 19... axb5 $11 {The position is equal.} 20. axb5 Ra3 {[#] aiming for ...Ne4!} 21. Qc2 Qa5 22. Rfc1 g6 23. bxc6 bxc6 24. Nd2 Ra8 25. g3 Bg7 26. Rb2 Qd8 27. Ne2 R3a6 28. Nf4 Bf8 29. Qd1 Nb5 {Threatens to win with ...Ba3.} 30. Rb3 Ba3 31. Rc2 Bd6 32. Nd3 Ra1 33. Rc1 Rxc1 34. Qxc1 Ra6 35. Kg2 Qa8 36. Nf3 Ra1 37. Rb1 Rxb1 38. Qxb1 Na3 39. Qa2 Qb7 40. Nde5 f6 41. Nd3 Qb1 42. Qxb1 Nxb1 43. g4 g5 44. h3 {Accuracy: White = 57%, Black = 75%.} 1/2-1/2

[Event "7th Iberoamerican-ch 2019"]
[Site "Linares"]
[Date "2019.08.15"]
[Round "6.9"]
[White "Zambrana, Oswaldo"]
[Black "Cruz, Cristhian"]
[Result "1-0"]
[WhiteElo "2440"]
[BlackElo "2559"]
[Annotator "TA"]
[PlyCount "73"]
[EventDate "2019.08.10"]
[EventType "swiss"]
[EventCountry "ESP"]
[SourceTitle "playchess.com"]
[Source "ChessBase"]
[SourceQuality "1"]

{[%evp 12,73,48,39,51,53,57,11,49,30,22,23,37,37,37,29,51,36,28,19,18,16,14,12,8,-76,9,6,6,4,40,21,73,0,118,108,115,127,194,115,905,874,854,850,741,401,778,222,239,220,248,244,222,131,374,374,524,515,533,524,476,304,811,783]} 1. e4 g6 2. d4 Bg7 3. Nc3 d6 4. f4 a6 5. Nf3 b5 6. Bd3 Nd7 7. e5 Bb7 {B06: Modern Defence} 8. Ng5 {aiming for e6.} e6 9. Qe2 Ne7 {The position is equal.} (9... h6 $5 {[%cal Rh6g5]} 10. Nf3 Ne7 $11) 10. Nce4 $146 ({Predecessor:} 10. h4 h6 11. Nf3 Nf5 12. Bxf5 gxf5 13. d5 dxe5 14. fxe5 Nb6 15. dxe6 fxe6 {0-1 (29) Pirrot,D (2421)-Svidler,P (2690) Mainz 2002}) 10... Nf5 11. c3 h6 12. Nf3 h5 13. O-O O-O 14. Be3 c5 15. Bf2 (15. dxc5 dxe5 16. fxe5 Nxe5 $11) 15... Rc8 16. Rad1 cxd4 17. cxd4 Nb6 18. Ng3 (18. Nfg5 $11) 18... Nxg3 (18... Nd5 $17 19. Nxf5 exf5) 19. hxg3 $11 Bxf3 20. Qxf3 Nc4 21. Qe2 Qa5 (21... Qe7 $11 {keeps the balance.}) 22. d5 ({White should try} 22. b3 $16 Nb6 23. Be4 (23. exd6 Rcd8 $15)) 22... dxe5 (22... exd5 $11 23. e6 Qc7) 23. dxe6 $16 f5 24. b3 $1 {[%cal Rb3c4]} Na3 25. fxe5 (25. Bxf5 $1 $18 Rxf5 26. Qe4) 25... Rc6 $2 {[%mdl 8192]} (25... Qc7 $16) 26. e7 $18 Re8 {[#]} 27. Bxf5 $1 {[%mdl 512]} gxf5 28. Rd6 Qc7 (28... Rcc8 $142 29. Bb6 (29. Qxh5 Rxe7 30. Rfd1 Rce8 $18) 29... Qc3) 29. Qd3 $2 (29. Qd2) 29... Rc1 30. Rxc1 $1 Qxc1+ 31. Kh2 Qg5 {[#]} (31... Rxe7 $2 32. Rd8+ Bf8 33. Qd5+ Kg7 34. e6 $18) 32. Bc5 $36 {[%mdl 2048] White is really pushing.} (32. Re6 $1 $18 Rxe7 33. Qd8+ Bf8 34. Rxa6) 32... Qxe7 $2 {[#]} (32... h4 $16 33. Rd8 (33. Bxa3 hxg3+ 34. Kg1 Rxe7 $11) 33... hxg3+ 34. Qxg3 Qh6+ 35. Qh3 Bxe5+ 36. g3 Qxh3+ 37. Kxh3 Kf7) 33. Qd5+ $1 (33. Bxa3 Qxe5 34. Rg6 (34. Rxa6 h4 $16) 34... Kh7 $16) 33... Qf7 (33... Kh7 $142 34. Rh6+ {[%mdl 64] Discovered Attack} (34. Bxa3 Qg5 $16) 34... Bxh6 35. Bxe7 Rxe7) 34. e6 ({Less strong is} 34. Bxa3 Bxe5 35. Rg6+ Bg7 $14) 34... Qf6 35. e7+ Qf7 {Threatening ...Qxd5.} 36. Bxa3 {Threatens to win with Rd8!} a5 $2 {[#]} (36... Qxd5 37. Rxd5 Bf6 38. Rxf5 Bxe7) 37. Rd8 $1 {Accuracy: White = 55%, Black = 31%.} 1-0

[Event "7th Iberoamerican-ch 2019"]
[Site "Linares"]
[Date "2019.08.15"]
[Round "6.10"]
[White "Gines Esteo, Pedro Antonio"]
[Black "Krysa, Leandro"]
[Result "0-1"]
[WhiteElo "2417"]
[BlackElo "2516"]
[Annotator "TA"]
[PlyCount "68"]
[EventDate "2019.08.10"]
[EventType "swiss"]
[EventCountry "ESP"]
[SourceTitle "playchess.com"]
[Source "ChessBase"]
[SourceQuality "1"]

{[%evp 15,68,0,0,0,-11,-23,-20,-59,-10,-46,-8,-44,-58,-97,-61,-62,-25,-37,0,-14,0,0,0,9,104,-12,-27,-26,-17,-104,0,-66,-59,-153,-54,-63,-60,-72,-46,-67,0,-60,-59,-51,-66,-629,-605,-577,-192,-1043,-400,-808,-804,-791,-776]} 1. d4 d5 2. Nf3 Nf6 3. c4 e6 4. e3 b6 5. Nc3 Bd6 6. Bd3 Bb7 7. O-O O-O 8. cxd5 exd5 9. Qc2 {E14: Queen's Indian: Classical Variation (4 e3)} c5 10. dxc5 bxc5 11. Rd1 {The position is equal.} Re8 $146 ({Predecessor:} 11... Nc6 12. a3 Ne5 13. Nxe5 Bxe5 14. f4 Bd6 15. b4 cxb4 16. Nb5 a5 17. axb4 {½-½ (56) Parker,J (2531)-Adams,M (2723) England 2011}) 12. b3 Nbd7 13. Nb5 Bb8 14. Bf5 a6 15. Nc3 d4 16. exd4 Bxf3 17. gxf3 Qc7 18. f4 cxd4 19. Ne4 Qb7 (19... Qxc2 $11 {keeps the balance.} 20. Nxf6+ Nxf6 21. Bxc2 Ba7) 20. Ng5 (20. Rxd4 $16 {Threatens to win with Bb2.} Qb5 21. Nxf6+ Nxf6 22. Bb2) 20... Nf8 $36 {[%mdl 2048] White is under pressure.} 21. Bh3 {Black must now prevent Bg2.} Ra7 22. Qd3 {[#]} (22. Bg2 $11 Qb5 23. a4) 22... Bc7 (22... Ng6 $1 $17 23. Bg2 (23. Qxd4 Nh4 $15) 23... Qc8) 23. Bg2 (23. Qf3 $11) 23... Qb8 $1 $15 24. Nxf7 (24. Qf5 $15) 24... Bxf4 (24... Kxf7 $17 25. Qc4+ Ne6) 25. Ng5 Bxh2+ 26. Kf1 Kh8 (26... Ng6 $5 {[%cal Rg6e5]} 27. Qxd4 Rc7 $15) 27. Bb2 Rd8 ({Better is} 27... Be5 $15) 28. Bxd4 (28. Qc4 $11) 28... Rxd4 29. Qxd4 {And now Qc4 would win.} Qb5+ $1 30. Ke1 $2 {[%mdl 8192]} ({Avoid the trap} 30. Rd3 $2 Rd7 $19) (30. Qc4 $15 Qxg5 {[#]} 31. Rd8 $1 {[%mdl 512]}) 30... Re7+ $19 ({Not} 30... Qxg5 31. Qxa7 Qxg2 32. Rac1 $11) 31. Ne4 Be5 $2 (31... Nxe4 32. Rd3 Nf6+ 33. Re3 Be5 {[%mdl 64] Skewer}) 32. Qd8 $2 (32. Qc5 Qxc5 33. Nxc5 Bxa1+ {[%mdl 64] Discovered Attack} 34. Kf1) 32... Re8 (32... Bc3+ $142 33. Rd2 Re8) 33. Rac1 (33. Qd3 $142 Qxd3 34. Rxd3 Bxa1 35. f3) 33... Rxd8 34. Rxd8 Qa5+ {[%mdl 64] Double Attack. Accuracy: White = 16%, Black = 28%.} 0-1

[Event "7th Iberoamerican-ch 2019"]
[Site "Linares"]
[Date "2019.08.15"]
[Round "6.11"]
[White "Plazuelo Pascual, Juan"]
[Black "Salinas Herrera, Pablo"]
[Result "1/2-1/2"]
[WhiteElo "2411"]
[BlackElo "2506"]
[Annotator "ChessBase"]
[PlyCount "25"]
[EventDate "2019.08.10"]
[EventType "swiss"]
[EventCountry "ESP"]
[SourceTitle "playchess.com"]
[Source "ChessBase"]
[SourceQuality "1"]
[TimeControl "5400+30"]

1. d4 {[%emt 0:00:00]} d5 {[%emt 0:02:15]} 2. c4 {[%emt 0:00:00]} c6 {[%emt 0:00:05]} 3. Nf3 {[%emt 0:00:00]} Nf6 {[%emt 0:00:09]} 4. e3 {[%emt 0:00:04]} g6 {[%emt 0:01:58]} 5. Nc3 {[%emt 0:00:42]} Bg7 {[%emt 0:00:09]} 6. Be2 {[%emt 0:00:20]} O-O {[%emt 0:00:06]} 7. O-O {[%emt 0:00:03]} b6 {[%emt 0:00:04]} 8. a4 {[%emt 0:01:35]} Bb7 {[%emt 0:00:47]} 9. Qb3 {[%emt 0:12:49]} Nbd7 {[%emt 0:14:24]} 10. cxd5 {[%emt 0:04:31]} Nxd5 {[%emt 0:03:56]} 11. a5 {[%emt 0:04:36]} e6 {[%emt 0:11:21]} 12. a6 {[%emt 0:08:59]} Bc8 {[%emt 0:00:05]} 13. e4 {[%emt 0:12:31]} 1/2-1/2

[Event "7th Iberoamerican-ch 2019"]
[Site "Linares"]
[Date "2019.08.15"]
[Round "6.13"]
[White "Valenzuela Gomez, Fernando"]
[Black "Lopez Martinez, Josep Manuel"]
[Result "0-1"]
[WhiteElo "2388"]
[BlackElo "2581"]
[Annotator "TA"]
[PlyCount "94"]
[EventDate "2019.08.10"]
[EventType "swiss"]
[EventCountry "ESP"]
[SourceTitle "playchess.com"]
[Source "ChessBase"]
[SourceQuality "1"]

{[%evp 9,94,7,14,0,40,12,16,12,30,13,22,2,10,8,11,0,7,8,5,0,2,0,0,0,0,0,20,31,25,27,36,47,69,39,0,-22,-24,-25,-20,-25,-3,-4,-6,-182,-156,-200,-213,-204,-203,-197,-180,-155,-79,-85,0,-14,0,0,0,-34,-41,-32,-35,-65,-63,-61,-60,-69,-70,-60,-55,-62,-57,-174,-80,-75,-91,-182,-184,-6133,-6025,-1519,-1187,-1093,-962,-5498,-5117]} 1. d4 Nf6 2. c4 e6 3. Nc3 Bb4 4. g3 c5 5. dxc5 (5. Nf3 cxd4 6. Nxd4 O-O 7. Bg2 d5 8. O-O dxc4 9. Qa4 Na6 10. Rd1 Qe8 11. Qc2 Nc7 12. Ne4 Nxe4 13. Bxe4 e5 14. Bxh7+ Kh8 15. Nf3 b5 16. Qe4 Qe6 17. Ng5 Qg4 {½-½ (29) So,W (2780)-Aronian,L (2767) Saint Louis 2018}) 5... O-O 6. Bg2 {E20: Nimzo-Indian: 4 g3 and 4 f3} Qc7 $146 ({Predecessor:} 6... Na6 7. Bd2 Nxc5 8. Qc2 d5 9. cxd5 exd5 10. a3 Bxc3 11. Bxc3 Nfe4 12. Bd4 Bf5 13. f3 {1-0 (28) Agdestein,S (2565)-Hellers,F (2490) Baguio City 1987}) 7. Nf3 Qxc5 8. Qb3 {The position is equal.} Nc6 9. Be3 Qa5 10. Bd2 d5 11. O-O d4 12. a3 Bxc3 $1 13. bxc3 Ne4 14. Rfc1 Rd8 15. Be1 dxc3 16. Qc2 f5 17. e3 Qc5 18. Bxc3 Nxc3 19. Qxc3 e5 20. Rab1 a6 21. g4 e4 22. Nd4 (22. Nd2 {is more complex.} Qe7 23. c5 Kh8 24. Nc4 Qxc5 25. gxf5 Qxf5 26. Qc2) 22... Nxd4 23. exd4 Rxd4 24. gxf5 Bxf5 25. Rxb7 Rad8 26. h3 $2 (26. Qg3 $11 {and White is okay.} g6 27. Qh4) 26... Bc8 $1 $19 {[%cal Rc8b7]} 27. Rbb1 Rd3 28. Qb4 Qg5 29. h4 Qxh4 {Threatens to win with ...Bh3.} 30. c5 Rd2 ({Black should try} 30... Rf8 31. Rc2 Rf4) 31. Rf1 $17 Qg5 (31... R2d5 $17 {And now ...Rg5! would win.} 32. Qc4 Kh8 33. Qxe4 Qxe4 34. Bxe4 Rg5+ 35. Kh2 Rf8) 32. c6 $11 h5 33. c7 Re8 34. Rbd1 e3 35. Rxd2 exd2 $40 {[%mdl 128] Black has some attack.} 36. f4 Qe7 {Strongly threatening ...Qe1.} 37. Qxd2 Qxc7 38. Qd5+ Qf7 39. Rc1 Be6 40. Qg5 Bf5 41. Bf3 {[#]} ({White should play} 41. Rc5 $15 Rf8 42. Bd5) 41... Qa7+ (41... g6 $1 $19 42. Rc6 Kh7) 42. Kg2 $17 g6 {Hoping for ...Qd4.} 43. Qh6 {[#]} (43. Qf6 $17 {keeps fighting.}) 43... Rd8 $1 $19 {[%cal Rd8d2]} 44. Kg3 $2 (44. Rd1 Rxd1 45. Bxd1) 44... Rd2 {[%csl Gd2][%cal Ra7f2] Black is clearly winning.} 45. Rf1 Qe3 46. Qg5 Kg7 47. Qh4 Bd3 {Accuracy: White = 50%, Black = 61%.} 0-1

[Event "7th Iberoamerican-ch 2019"]
[Site "Linares"]
[Date "2019.08.15"]
[Round "6.14"]
[White "Fier, Alexandr"]
[Black "Vega Gutierrez, Sabrina"]
[Result "1/2-1/2"]
[WhiteElo "2558"]
[BlackElo "2385"]
[Annotator "TA"]
[PlyCount "27"]
[EventDate "2019.08.10"]
[EventType "swiss"]
[EventCountry "ESP"]
[SourceTitle "playchess.com"]
[Source "ChessBase"]
[SourceQuality "1"]

{[%evp 9,27,0,0,-24,-25,-6,-29,-29,-8,-12,0,-118,-116,-104,-101,-117,-106,-96,-89,-99]} 1. Nf3 d5 2. c4 d4 3. b4 f6 4. e3 e5 5. c5 a5 6. Qa4+ {A09: Réti Opening: 1 Nf3 d5 2 c4} Qd7 7. Bb5 c6 $1 {[%cal Rc6b5]} 8. Bc4 {Black has an edge.} Ne7 {Black wants to play ...Na6.} 9. O-O (9. b5 Nd5 10. Ba3 Nc7 11. bxc6 Nxc6 12. O-O Nb4 13. Qb3 Bxc5 14. exd4 b5 {½-½ (14) Maghsoodloo,P (2673)-Wang,H (2718) Sharjah 2019}) 9... Nd5 $146 ({Predecessor:} 9... Na6 10. Bb2 axb4 11. exd4 e4 12. Ne1 Nd5 {1-0 (38) Christiansen,J (2411)-Gretarsson,H (2550) Helsingor 2016}) 10. d3 (10. Bxd5 $1 $11 cxd5 11. b5) 10... b5 $36 {[%mdl 2048] Black is better. Black is in control.} ({Stronger than} 10... Nxb4 11. exd4 N8a6 12. Re1 $16) 11. cxb6 Nxb6 12. Qb3 Nxc4 ({Of course not} 12... axb4 $6 13. exd4 Nxc4 14. Qxc4 $11) 13. dxc4 dxe3 14. Bxe3 1/2-1/2

[Event "7th Iberoamerican-ch 2019"]
[Site "Linares"]
[Date "2019.08.15"]
[Round "6.15"]
[White "Garriga Cazorla, Pere"]
[Black "Garcia, Jhoel"]
[Result "1/2-1/2"]
[WhiteElo "2495"]
[BlackElo "2290"]
[Annotator "TA"]
[PlyCount "56"]
[EventDate "2019.08.10"]
[EventType "swiss"]
[EventCountry "ESP"]
[SourceTitle "playchess.com"]
[Source "ChessBase"]
[SourceQuality "1"]

{[%evp 18,56,12,20,22,12,14,-25,29,0,0,0,-7,-8,-8,-11,-16,-18,-9,-6,0,0,0,0,0,0,0,-12,0,0,0,0,0,-210,-175,-167,0,-183,0,-181,0]} 1. Nf3 Nf6 2. c4 e6 3. Nc3 d5 4. d4 c6 5. e3 Nbd7 6. Qc2 Bd6 7. Bd3 O-O 8. O-O e5 9. cxd5 cxd5 10. e4 h6 {D46: Semi-Slav: 5 e3 Nbd7 6 Bd3, Black avoids the Meran} (10... exd4 11. Nxd5 Nxd5 12. exd5 h6 13. Nxd4 Qh4 14. Nf3 Qh5 15. Bh7+ Kh8 16. Qf5 Qxf5 17. Bxf5 Nf6 18. Bd3 Nxd5 19. Rd1 Bc5 20. Bc4 Nb6 21. Bb3 {½-½ (44) Leko,P (2679)-Duda,J (2738) Germany 2019}) 11. exd5 exd4 12. Nb5 $146 ({Predecessor:} 12. Nxd4 Ne5 13. Nf5 Nfg4 14. g3 Nf3+ 15. Kg2 Nge5 16. Be2 Qd7 17. Bxf3 Nxf3 18. Kxf3 Qxf5+ 19. Qxf5 Bxf5 {½-½ (42) Schwartzman,A-Guimard,C Mar del Plata 1934}) 12... Nb6 (12... Ne5 $142) 13. Nxd6 Qxd6 14. Nxd4 Nbxd5 15. Nb5 Qb6 16. a3 Be6 17. Nc3 Rac8 18. Nxd5 Bxd5 19. Qe2 $1 Rfe8 20. Be3 Qe6 21. Rfe1 a6 22. Qd2 Bxg2 23. Kxg2 {f3 is the strong threat.} Qg4+ 24. Kf1 Qh3+ 25. Ke2 $2 (25. Kg1 $11 Qg4+ 26. Kf1) 25... Qh5+ {[%mdl 1024] Black has strong compensation.} 26. Kf1 {[#] aiming for Bf4.} Qh3+ $2 (26... Ng4 $1 $19 27. Bf4 Nxh2+ 28. Kg2 Nf3) 27. Ke2 $2 (27. Kg1 $11 {and White stays safe.} Qg4+ 28. Kf1) 27... Qh5+ 28. Kf1 {[#] And now Bf4 would win.} Qh3+ $2 {Accuracy: White = 67%, Black = 48%.} ({Black should play} 28... Ng4 $1 $19 29. Bf4 Nxh2+ 30. Kg2 Nf3) 1/2-1/2

[Event "7th Iberoamerican-ch 2019"]
[Site "Linares"]
[Date "2019.08.15"]
[Round "6.16"]
[White "Cruz Ravina, Francisco Javier"]
[Black "Larino Nieto, David"]
[Result "0-1"]
[WhiteElo "2366"]
[BlackElo "2457"]
[Annotator "TA"]
[PlyCount "78"]
[EventDate "2019.08.10"]
[EventType "swiss"]
[EventCountry "ESP"]
[SourceTitle "playchess.com"]
[Source "ChessBase"]
[SourceQuality "1"]

{[%evp 9,78,0,46,41,50,33,36,31,41,-38,-23,-33,-23,-68,-83,-63,-72,-74,-74,-79,-71,-119,-113,-129,-86,-83,-54,-108,-108,-102,-95,-237,-228,-256,-50,-54,-60,-58,-27,-26,-35,-107,-107,-95,-94,-95,-101,-160,-137,-149,-110,-110,-42,-42,-42,-53,-41,-41,-41,-50,-50,-196,-80,-585,-578,-29976,-29977,-29982,-29983,-29983,-29984]} 1. e4 d6 2. d4 Nd7 3. Nf3 h6 (3... Ngf6 4. e5 Nd5 5. c4 N5b6 6. e6 fxe6 7. Nc3 Nf6 8. Bd3 g6 9. h4 c6 10. h5 gxh5 11. Ng5 {0-1 (73) Andreikin,D (2723)-Nepomniachtchi,I (2707) Novosibirsk 2012}) 4. Bc4 e6 5. h4 g6 6. Bf4 $146 {B07: Pirc Defence: Miscellaneous Systems} ({Predecessor:} 6. Qe2 Bg7 7. e5 Ne7 8. Bf4 Nb6 9. Bd3 Ned5 10. Bd2 dxe5 11. dxe5 a5 {½-½ (74) Sielecki,C (2385)-Bosboom,M (2437) Germany 2013}) 6... Bg7 7. c3 e5 8. dxe5 {White is slightly better.} dxe5 9. Be3 (9. Bg3 $14) 9... Ngf6 $15 10. Nfd2 Qe7 11. g4 h5 $1 12. g5 Ng4 13. Nf1 Nxe3 14. Nxe3 c6 15. a4 Nc5 16. Nd2 a5 17. Qc2 f6 18. Nf3 (18. O-O-O $15) 18... Bg4 $17 19. gxf6 Bxf6 20. Nxg4 (20. Qe2 $17) 20... hxg4 $19 21. Nd2 Rxh4 $2 (21... Bxh4 $19 22. b4 Nd7 23. bxa5 Rf8) 22. O-O-O $1 $15 O-O-O 23. Nb3 Rxd1+ 24. Rxd1 Rh2 {...g3 is the strong threat.} 25. Qe2 (25. Nxc5 $1 $15 Qxc5 26. Qb3) 25... Kb8 26. Qxg4 Rxf2 27. Nxc5 Qxc5 28. Qe6 (28. Bb3 $142) 28... Ka7 {Threatens to win with ...Qb6.} 29. Kb1 g5 $40 {[%mdl 128] Hoping for ...g4! Black goes for the king.} 30. Rf1 {[#]} Bd8 ({Better is} 30... Rf4 $1 $17 {And now ...g4 would win.} 31. Rxf4 exf4) 31. Rxf2 Qxf2 32. Qxe5 Qe1+ 33. Ka2 g4 {White must now prevent ...g3.} 34. Qc5+ Bb6 35. Qg5 {[#]} (35. Qf5 $15) 35... Qxe4 (35... g3 $1 $19 {and Black stays clearly on top.} 36. Be6 Qxe4 {[%mdl 64] Double Attack}) 36. Kb3 $2 {[%mdl 8192]} (36. Bb3 $17) 36... Qf3 $19 37. Be6 Qd1+ {Black mates.} 38. Ka2 Qxa4+ 39. Kb1 Qe4+ {[%mdl 64] Double Attack. Accuracy: White = 35%, Black = 54%.} 0-1